000 01072nam a2200301 i 4500
003 EG-GICUC
005 20260508165709.0
008 260508s1830 fr ||||fr|||| 00| 0 fre d
040 _aEG-GiCUC
_bfre
_cEG-GiCUC
_dEG-GiCUC
_eRda
041 0 _afre
082 0 4 _221
_a343.044
_bLO . L
092 0 4 _221
099 _aLaw1 10 343.044 LO . L 1830
100 1 _aLocré, M. Le Baron
_eAuteur
245 1 0 _aLa législation civile, commerciale et criminelle de la France :
_bou commentaire et complément des codes français ,
_nTome vingt-troisième/
_cPar M. Le Baron Locré.
264 1 _aFrance :
_bTreuttel et Würtz,
_c1830.
300 _a508 page ,
_c 24 cm.
_billustration ;
336 _2rda contenu
_a texte
337 _2rda medias
_aOrdinateur
338 _2 transporteur rda
_a Ressource en ligne
504 _aComprend des références bibliographiques.
546 _aTexte en français
650 1 _aDroit Pénal
_2qrmak
651 1 _2qrmak
856 4 0 _uhttps://fll.law.cu.edu.eg/fulltext/bks/B10-11769.pdf
905 _a74
942 _2ddc
_n0
_cBK
_e21
999 _c76297
_d76297